| 000 | 00418nam a22001457a 4500 | ||
|---|---|---|---|
| 082 |
_a621.4021 _bYOU _cL-12, P-9 |
||
| 100 |
_aYoung, Vincenty W. _941761 |
||
| 245 | _aElementary engineering thermodyanimcs. | ||
| 250 | _a3rd ed. | ||
| 260 |
_aUSA _bMcGRAW-Hall Book Company, Inc. _c1947 |
||
| 300 |
_axiv, 268p. : _bill. : _c6 Cm |
||
| 526 |
_a0 _b0 _c0 _d621_402100000000000_YOU |
||
| 650 |
_aMCE _9379 |
||
| 942 |
_2ddc _cBK |
||
| 999 |
_c545804 _d545804 |
||